000 00487nam a22001337a 4500
999 _c122368
_d122368
005 20210526113713.0
008 210526b ||||| |||| 00| 0 eng d
040 _cPK-LaUMT
082 _aRHC 891.4398
_bTAK-
245 _aTakhleeqi adab = تخلیقی ادب /
_ccompiled by Pasha Rehman, Mushafaq Khawaja nd Amina Mushafaq = ترتیب پاشا رحمان، مشفق خواجہ اور آمنہ مشفق
260 _aKarachi :
_bAsari Matbuaat,
_c1980
300 _a660 p.
942 _cBK